Catalog

Record Details

Catalog Search



Hot Rod Hamster and the Wacky Whatever Race!  Cover Image Book Book

Hot Rod Hamster and the Wacky Whatever Race! / by Cynthia Lord ; cover illustration by Derek Anderson ; interior illustrations by Greg Paprocki.

Lord, Cynthia, (author.). Anderson, Derek, 1969- (illustrator.). Paprocki, Greg, (illustrator.).

Summary:

Hot Rod Hamster enlists the help of his friend Dog to build a super sleek soap box racer for the Wacky Whatever Race.

Record details

  • ISBN: 9780545694421
  • ISBN: 0545694426
  • Physical Description: 1 volume (unpaged) : color illustrations ; 24 cm.
  • Edition: First edition.
  • Publisher: New York : Scholastic Press, ©2014.
Subject: Hamsters > Juvenile fiction.
Coaster cars > Juvenile fiction.
Racing > Juvenile fiction.
Friendship > Juvenile fiction.

LDR 01820nam a2200433 i 4500
001141496
003CONS
00520160523143839.0
008131212s2014 nyua b 000 1 eng c
010 . ‡a 2013046940
020 . ‡a9780545694421 ‡q(hardback)
020 . ‡a0545694426 ‡q(hardback)
035 . ‡a(CPomAG)LMN594916
042 . ‡alcac ‡apcc
05000. ‡aPZ7.L87734 ‡bHov 2014
08204. ‡a[E] ‡223
08204. ‡a813.6 ‡223
1001 . ‡aLord, Cynthia, ‡eauthor.
24510. ‡aHot Rod Hamster and the Wacky Whatever Race! / ‡cby Cynthia Lord ; cover illustration by Derek Anderson ; interior illustrations by Greg Paprocki.
250 . ‡aFirst edition.
264 1. ‡aNew York : ‡bScholastic Press, ‡c©2014.
300 . ‡a1 volume (unpaged) : ‡bcolor illustrations ; ‡c24 cm.
336 . ‡atext ‡btxt ‡2rdacontent
336 . ‡astill image ‡bsti ‡2rdacontent
337 . ‡aunmediated ‡bn ‡2rdamedia
338 . ‡avolume ‡bnc ‡2rdacarrier
520 . ‡aHot Rod Hamster enlists the help of his friend Dog to build a super sleek soap box racer for the Wacky Whatever Race.
650 0. ‡aHamsters ‡vJuvenile fiction.
650 0. ‡aCoaster cars ‡vJuvenile fiction.
650 0. ‡aRacing ‡vJuvenile fiction.
650 0. ‡aFriendship ‡vJuvenile fiction.
7001 . ‡aAnderson, Derek, ‡d1969- ‡eillustrator.
7001 . ‡aPaprocki, Greg, ‡eillustrator.
830 0. ‡aScholastic reader. ‡nLevel 2.
914 . ‡aSCP_jd
959 . ‡i32269000981798 ‡lE Lor ‡aJuvenile - Easy ‡tEasy ‡g13.00
852 . ‡p32269000981798 ‡jE Lor ‡jBR Lor ‡gJuvenile - Easy ‡gJuvenile - Beginning Reader ‡cEasy ‡cPaperback ‡y13.00 ‡y15.00 ‡bSBPL
959 . ‡i32269001142952 ‡lBR Lor ‡aJuvenile - Beginning Reader ‡tPaperback ‡g15.00
852 . ‡p32269001142952 ‡jE Lor ‡jBR Lor ‡gJuvenile - Easy ‡gJuvenile - Beginning Reader ‡cEasy ‡cPaperback ‡y13.00 ‡y15.00 ‡bSBPL
901 . ‡a141496 ‡bUnknown ‡c141496 ‡tbiblio

Additional Resources